| 000 | 01771 a2200265 4500 | ||
|---|---|---|---|
| 001 | 4082 | ||
| 005 | 20260407155431.0 | ||
| 008 | 260407a1994 arg spa d | ||
| 003 | AR-UNSa-BCEJYS | ||
| 040 |
_aAR-UNSa-BCEJYS _bspa _cAR-UNSa-BCEJYS |
||
| 080 |
_a330.101.541 _xMacroeconomía |
||
| 245 | 1 | 0 | _aMacroeconomía |
| 020 | _a84-481-1894-4 | ||
| 250 | _a6a. ed. | ||
| 264 | 1 |
_aMadrid : _bMcGraw-Hill _c1994 |
|
| 300 |
_axix, 785 p. _c23 cm. |
||
| 505 | _a1. Introducción - 2. La contabilidad nacional - 3. La renta y el gasto - 4. El dinero, el interés, y la renta - 5. La política monetaria y la política fiscal - 6. La relaciones internacionales - 7. La oferta y la demanda agregadas: Introducción - 8. La oferta agregada: los salarios, los precios y el empleo - 9. El enfoque del equilibrio con expectativas racionales - 10. El crecimiento a largo plazo y la productividad - 11. El consumo y el ahorro - 12. El gasto de inversón - 13. La demanda de dinero - 14. El banco central, el dinero y el crédito - 15. La política de estabilización : perspectivas y problemas - 16. La dinámica de la inflación y el desempleo - 17. Las disyuntivas entre la inflación y el desempleo - 18. El dinero, los déficit y la inflación: la evidencia y las cuestiones relacionadas con la política económica - 19. Los déficit presupuestarios y la deuda pública - 20. El ajuste y la interdependencia internacionales | ||
| 942 | _cBK | ||
| 590 | _aniveau_biblio:m niveau_hierar:0 | ||
| 100 | 1 | _aDornbusch, Rudiger | |
| 700 | 1 | _aFischer, Stanley | |
| 700 | 1 | _aRabasco, María Esther | |
| 700 | 1 | _aToharia Cortés, Luis | |
| 856 | 4 | 1 |
_uhttps://t2.gstatic.com/images?q=tbn:ANd9GcQLEU35JOoeLZaC7JABz9c5I0Zr_EKYvPUwAVPsXU1pXPGeTd4gREfzhMw _yImagen de portada _qimage/jpeg |
| 999 |
_c388 _d388 |
||